[Event "Havana Gilberto Garcia Memorial-A"]
[Site "Havana"]
[Date "2024.03.09"]
[Round "9"]
[White "Hernandez Meilan, Manuel"]
[Black "Mora Heredia, Yoleysi"]
[Result "0-1"]
[WhiteElo "1684"]
[BlackElo "1949"]
[PlyCount "96"]
[EventDate "2024.02.24"]
[EventType "tourn"]
[EventRounds "9"]
[EventCountry "CUB"]
[SourceTitle "CBM 219 Extra"]
[Source "ChessBase"]
[SourceDate "2024.05.31"]
[SourceVersion "1"]
[SourceVersionDate "2024.05.31"]
[SourceQuality "1"]

1. e4 c5 2. Nc3 Nc6 3. g3 g6 4. Bg2 Bg7 5. f4 d6 6. Nf3 Nd4 7. Ne2 Nxf3+ 8. Bxf3 Nh6 9. h3 Bd7 10. d3 Bc6 11. c3 f5 12. 0-0 Qd7 13. Kh2 Qe6 14. Qc2 Rc8 15. Bd2 c4 16. exf5 Nxf5 17. Bxc6+ bxc6 18. Rae1 h5 19. d4 Qd5 20. Ng1 Bf6 21. Nf3 Rb8 22. Bc1 Kf7 23. Ng5+ Bxg5 24. fxg5 Rbe8 25. h4 Kg7 26. Qe4 e5 27. dxe5 Rxe5 28. Qxd5 cxd5 29. Bf4 Re4 30. Rxe4 dxe4 31. Rd1 Rb8 32. Rd2 Kf7 33. Kg2 Ke6 34. Kf2 Rb5 35. Ke2 Ra5 36. a3 Rb5 37. Kd1 d5 38. Kc2 Rb7 39. Kc1 a6 40. Re2 Rf7 41. Kd2 Nxh4 42. gxh4 Rxf4 43. Rh2 Rf3 44. Ke2 Kf5 45. Rg2 Kf4 46. Rg1 e3 47. Rd1 Rf2+ 48. Ke1 Ke5 0-1

[Event "Giraldilla de La Habana op"]
[Site "Havana"]
[Date "2018.08.01"]
[Round "7"]
[White "Rosabal Sarda, Barbaro Omar"]
[Black "Hernandez Meilan, Manuel"]
[Result "0-1"]
[WhiteElo "1940"]
[BlackElo "1825"]
[PlyCount "38"]
[EventDate "2018.07.28"]
[EventType "swiss"]
[EventRounds "9"]
[EventCountry "CUB"]
[SourceTitle "EXT 2021"]
[Source "ChessBase"]
[SourceDate "2020.10.23"]
[SourceVersion "1"]
[SourceVersionDate "2020.10.23"]
[SourceQuality "1"]

1. d4 Nf6 2. c4 e6 3. Nc3 Be7 4. Nf3 d5 5. e3 0-0 6. Be2 Re8 7. 0-0 Nbd7 8. b3 b6 9. cxd5 exd5 10. Bb2 Bb7 11. Rc1 a6 12. Bd3 Bd6 13. Qc2 Ne4 14. Rfd1 Re6 15. Ne2 Rh6 16. Nc3 Bxh2+ 17. Kf1 Ndf6 18. Ne5 Rc8 19. Ne2 Qe7 0-1

[Event "Portela Memorial tt"]
[Site "Havana"]
[Date "2018.07.22"]
[Round "6.3"]
[White "Hernandez Meilan, Manuel"]
[Black "Morales Sanchez, Ernesto Felix"]
[Result "0-1"]
[WhiteElo "1825"]
[BlackElo "1751"]
[PlyCount "66"]
[EventDate "2018.07.16"]
[EventType "team-tourn"]
[EventRounds "9"]
[EventCountry "CUB"]
[SourceTitle "EXT 2021"]
[Source "ChessBase"]
[SourceDate "2020.10.23"]
[SourceVersion "1"]
[SourceVersionDate "2020.10.23"]
[SourceQuality "1"]

1. d4 d5 2. c4 e6 3. Nc3 Be7 4. Nf3 Nf6 5. e3 c6 6. a4 Ne4 7. Nxe4 dxe4 8. Nd2 f5 9. c5 e5 10. dxe5 Bxc5 11. Bc4 Nd7 12. Qh5+ g6 13. Qh6 Bf8 14. Qf4 Bg7 15. Nxe4 Nxe5 16. Nd2 Be6 17. Be2 Nd3+ 18. Bxd3 Qxd3 19. Ra3 Qd5 20. 0-0 0-0-0 21. Nf3 h6 22. Nd2 Rd7 23. b4 Rhd8 24. b5 g5 25. Qf3 Qxf3 26. Nxf3 Bc4 27. g3 Bxf1 28. Kxf1 Rd1+ 29. Kg2 Rxc1 30. bxc6 bxc6 31. Ra2 Rdd1 32. Nd2 Ra1 33. Rc2 Rdc1 0-1

[Event "Ortega Memorial tt"]
[Site "Havana"]
[Date "2018.05.29"]
[Round "10.2"]
[White "Robert Portal, Victor Luis"]
[Black "Hernandez Meilan, Manuel"]
[Result "1/2-1/2"]
[WhiteElo "1913"]
[BlackElo "1826"]
[PlyCount "93"]
[EventDate "2018.05.21"]
[EventType "team-tourn"]
[EventRounds "10"]
[EventCountry "CUB"]
[SourceTitle "EXT 2021"]
[Source "ChessBase"]
[SourceDate "2020.10.23"]
[SourceVersion "1"]
[SourceVersionDate "2020.10.23"]
[SourceQuality "1"]

1. c4 Nf6 2. Nc3 c5 3. g3 e6 4. Bg2 Be7 5. a3 Nc6 6. e4 0-0 7. Nge2 a6 8. d4 cxd4 9. Nxd4 Qb6 10. Nxc6 dxc6 11. e5 Rd8 12. Qe2 Nd7 13. 0-0 Qd4 14. Bf4 Nc5 15. Rad1 Nd3 16. Be4 Nxf4 17. gxf4 Qb6 18. Rxd8+ Qxd8 19. Rd1 Qe8 20. Bc2 f5 21. exf6 Bxf6 22. Ne4 Qg6+ 23. Kh1 Qh6 24. Nd6 Bd7 25. Nf5 exf5 26. Rxd7 Qxf4 27. Qe6+ Kh8 28. Qxf5 Qxf5 29. Bxf5 Bxb2 30. a4 g6 31. Rxb7 Bd4 32. Be4 c5 33. Rxh7+ Kxh7 34. Bxa8 Bxf2 35. Kg2 Be1 36. Kf3 Kg7 37. Ke4 Kf6 38. Kd5 Bb4 39. a5 Ke7 40. Bb7 Kd7 41. Bxa6 Kc7 42. Bb5 Bxa5 43. Kxc5 Bb6+ 44. Kd5 Be3 45. Ke4 Bg5 46. Be8 Kd6 47. Bxg6 1/2-1/2

[Event "Ortega Memorial tt"]
[Site "Havana"]
[Date "2018.05.28"]
[Round "9.2"]
[White "Hernandez Meilan, Manuel"]
[Black "Alminaque, Armando"]
[Result "1-0"]
[WhiteElo "1826"]
[BlackElo "2054"]
[PlyCount "121"]
[EventDate "2018.05.21"]
[EventType "team-tourn"]
[EventRounds "10"]
[EventCountry "CUB"]
[SourceTitle "EXT 2021"]
[Source "ChessBase"]
[SourceDate "2020.10.23"]
[SourceVersion "1"]
[SourceVersionDate "2020.10.23"]
[SourceQuality "1"]

1. d4 d6 2. c4 g6 3. Nc3 Bg7 4. e4 Nc6 5. Be3 a6 6. f4 e5 7. fxe5 dxe5 8. d5 Nd4 9. Nf3 Bg4 10. Be2 Bxf3 11. Bxf3 Ne7 12. 0-0 0-0 13. Qd2 f5 14. Bg5 Qd6 15. Rae1 fxe4 16. Nxe4 Qd7 17. Nc5 Qd6 18. Bxe7 Qxe7 19. Qxd4 b6 20. d6 cxd6 21. Qd5+ Kh8 22. Ne6 Rfe8 23. Nxg7 Kxg7 24. Be4 Rad8 25. Re3 Rf8 26. Ref3 Rxf3 27. Rxf3 Rd7 28. Qc6 Rc7 29. Qd5 b5 30. b3 bxc4 31. bxc4 Ra7 32. h3 Rd7 33. Rd3 Qh4 34. c5 Rf7 35. Rf3 Qe1+ 36. Kh2 Rxf3 37. Bxf3 dxc5 38. Qxc5 h5 39. Qe7+ Kh6 40. h4 Qe3 41. Qf6 Kh7 42. Bd5 Qf4+ 43. Qxf4 exf4 44. Kg1 Kh6 45. Kf2 g5 46. hxg5+ Kxg5 47. Kf3 Kf5 48. Bf7 Kg5 49. Be6 a5 50. a4 Kf6 51. Bd7 Kg5 52. Be8 Kh4 53. Bd7 Kg5 54. Ke4 Kh4 55. Kd4 Kg3 56. Bc6 h4 57. Kc5 Kg4 58. Kd4 Kg3 59. Kc5 h3 60. gxh3 Kxh3 61. Kb5 1-0

[Event "Ortega Memorial tt"]
[Site "Havana"]
[Date "2018.05.26"]
[Round "7.1"]
[White "Hernandez Meilan, Manuel"]
[Black "Corujedo Hernandez, Rafael"]
[Result "0-1"]
[WhiteElo "1826"]
[BlackElo "1810"]
[PlyCount "54"]
[EventDate "2018.05.21"]
[EventType "team-tourn"]
[EventRounds "10"]
[EventCountry "CUB"]
[SourceTitle "EXT 2021"]
[Source "ChessBase"]
[SourceDate "2020.10.23"]
[SourceVersion "1"]
[SourceVersionDate "2020.10.23"]
[SourceQuality "1"]

1. d4 Nf6 2. c4 e6 3. Nf3 b6 4. g3 Bb7 5. Bg2 Be7 6. 0-0 0-0 7. Nc3 d6 8. Re1 Ne4 9. Bf4 Nd7 10. Rc1 Ndf6 11. Qc2 Nxc3 12. Qxc3 c5 13. dxc5 dxc5 14. Rcd1 Qc8 15. Ne5 Bxg2 16. Kxg2 Nh5 17. Bd2 Rd8 18. Qf3 Nf6 19. Nc6 Rd7 20. Nxe7+ Rxe7 21. Bg5 Qb7 22. e4 e5 23. Bxf6 gxf6 24. Qxf6 Rae8 25. Rd5 Qa6 26. Rxc5 Re6 27. Qg5+ Rg6 0-1